000 00303nam a22001457a 4500
008 221013b ||||| |||| 00| 0 eng d
020 _a2607904044758
041 _aeng
080 _a575
082 _a575
100 _a13 HOL
101 _aBIO
245 _aBIOCHEMISTRY
_cHOLDE M
942 _2udc
_cBK
999 _c58552
_d58552